| 000 | 00516cam a22002054a 4500 | ||
|---|---|---|---|
| 005 | 20250605164305.0 | ||
| 008 | 250528s ||||||||||||||||||||||||d | ||
| 035 | _a22218 | ||
| 020 | _a9780702047312 | ||
| 040 |
_aGR-AtMCL _bgre _dGR-AtMCL _eAACR2 |
||
| 245 | 1 | _aCARDIORESPIRATORY PHYSIOTHERAPY / Adults and Paediatrics | |
| 250 | _a5 | ||
| 260 |
_bElsevier, _c2016 |
||
| 300 | _a790 | ||
| 700 | 1 |
_aDenehy Linda _96925 |
|
| 700 | 1 |
_aMain Eleanor _96926 |
|
| 942 | _cBK | ||
| 999 |
_c7274 _d7274 |
||